| 000 | 00585nam a2200205 a 4500 | ||
|---|---|---|---|
| 001 | 2516 | ||
| 003 | CDMR | ||
| 005 | 20131209140511.0 | ||
| 008 | 130130s1974||||||||||||||||||||||||||||d | ||
| 020 | _a8430905022 | ||
| 040 |
_aCDMR _bcat _cCDMR |
||
| 100 | 1 |
_aMouloud, Noël _91886 |
|
| 245 | 1 | 0 |
_aLenguaje y estructuras _b: ensayos de lógica y semiología _cNoël Mouloud |
| 260 |
_aMadrid _c1974 _bTecnos |
||
| 490 | 0 | _aFilosofía y ensayo (Tecnos) | |
| 650 | 0 | 4 |
_93629 _aComunicació _xAssaigs |
| 650 | 0 | 4 |
_94353 _aComunicació _xFilosofia |
| 650 | 0 | 4 |
_91282 _aSemiòtica |
| 942 |
_cMON _2udc |
||
| 999 |
_c2516 _d2516 |
||